As formas (Record no. 119266)

MARC details
000 -LÍDER
campo de controle de tamanho fixo 00826 a2200241 4500
001 - NÚMERO DE CONTROLE
campo de controle 119266
020 ## - ISBN - INTERNATIONAL STANDARD BOOK NUMBER
ISBN - International Standard Book Number 9788506047989
041 ## - CÓDIGO DE IDIOMA
Código do idioma do texto/trilha sonora ou título diferente por
082 ## - CDD - CLASSIFICAÇÃO DECIMAL DE DEWEY
Número de Classificação [E]
040 ## - FONTE DA CATALOGAÇÃO
Instituição da catalogação original BR-BrIDEA
Instituição que transcreveu o registro BR-BrIDEA
090 ## - NÚMERO DE CHAMADA LOCAL
Número de chamada (OCLC) (R); Número de chamada, CALL (RLIN) (NR) A JK [E]
Número Cutter local (OCLC); Número de classificação do livro, CALL (RLIN) CIR
250 ## - EDIÇÃO
Edição 1.ed.
245 10 - TÍTULO
Título As formas
Indicação de responsabilidade, etc. Ciranda Cultural
260 ## - PUBLICAÇÃO, DISTRIBUIÇÃO, ETC.
Local de publicação, distribuição, etc. São Paulo
Nome do editor, distribuidor, etc. Ciranda Cultural Editora
Data da publicação, distribuição, etc. 2006
490 ## - TÍTULO DA SÉRIE
Título da série Brincando e aprendendo
520 ## - NOTA DE RESUMO, ETC
Resumo, etc. Todas as crianças vão se divertir lendo e brincando com este livro mágico! Ele apresenta grandes descobertas para as crianças, que vão entrar em um mundo encantado, repleto de palavras, números, cores, formas e outras fantásticas surpresas!
521 ## - NOTA DO PÚBLICO ALVO
Nota de público alvo JK
697 ## - ENTRADA DE ASSUNTO LOCAL--ENTIDADE COLETIVA (RLIN)
Nome corporativo ou nome da jurisdição Literatura infantil.
700 ## - ENTRADA ADICIONADA - NOME PESSOAL
Nome pessoal Ciranda Cultural.
830 ## - ENTRADA SECUNDÁRIA DE SÉRIE--TÍTULO UNIFORME
Título uniforme Brincando e aprendendo
856 ## - LOCALIZAÇÃO ELETRÔNICA E ACESSO
Uniform Resource Identifier <a href="000034/000034c8.jpg">000034/000034c8.jpg</a>
942 ## - ELEMENTOS DE ENTRADA ADICIONADOS (KOHA)
Tipo de material Koha Livros
Holdings
Situação do descarte Situação das perdas Fonte da classificação ou esquema de arquivamento na estante Situação física Não pode ser emprestado Biblioteca de origem Biblioteca atual Data de aquisição Total de empréstimos Código de barras Data de último acesso Data do preço efetivo Tipo de material Koha
    Classificação Decimal de Dewey     ECB - ÁGUAS CLARAS ECB - ÁGUAS CLARAS 20/04/2023   00061957AGC 23/01/2024 23/01/2024 Livros